Flags of Countries with more than 50 Million People - Statistics

General Stats
  • This quiz has been taken 1,328 times
    270 since last reset
  • The average score is 28 of 31
Answer Stats
Picture Answer % Correct
France
100%
Italy
100%
United Kingdom
100%
United States
100%
Brazil
99%
China
99%
Germany
99%
Russia
99%
South Korea
99%
India
98%
Turkey
98%
Japan
96%
Mexico
96%
Pakistan
96%
South Africa
96%
Vietnam
96%
Bangladesh
91%
Egypt
91%
Iran
90%
Nigeria
89%
Indonesia
88%
Kenya
88%
Thailand
88%
Colombia
87%
Philippines
86%
Uganda
83%
D.R.Congo
79%
Ethiopia
79%
Tanzania
73%
Sudan
70%
Myanmar
69%
No matching quizzes found
Score Distribution
Percent of People with Each Score
Percentile by Number Answered
Your Score History
You have not taken this quiz since the last reset